История России #1: Первые Рюриковичи - Statistics

General Stats
  • This quiz has been taken 451 times
    301 since last reset
  • The average score is 16 of 42
Answer Stats
Вопрос Ответ % Correct
Призвание варягов 862
58%
Место сбора налогов, установленное Ольгой Погост
57%
Объединение Новгорода иКиева 882
56%
Восточнославянское племя,восставшее против Игоря Древляне
54%
Объем налогов, установленныйОльгой Урок
53%
Младший сын Святослава Владимир
53%
Поход Олега на Царьград 907
53%
Заключение торгового договорас Византией Олегом 911
52%
Крещение Ольги 957
52%
Правление Игоря 912-945
50%
Правление Олега 879-912
49%
Старший сын Святослава Ярополк
48%
Город, где княжил младший сынСвятослава Новгород
47%
Город, где княжил старший сынСвятослава Киев
46%
Город, куда изначально пришел Рюрик Старая Ладога
44%
Система сбора дани в IX-XII веках Полюдье
44%
Кочевники, занявшие бывшиеземли Хазарского Каганата Печенеги
44%
Племенной союз, проживавшийвокруг озера Ильмень Ильменскиесловене
41%
Крупные Хазарские города Итиль, Саркел,Семендер
41%
Смерть Ольги 969
40%
Средний сын Святослава Олег
39%
Легендарная фраза Святослава Иду на Вы
39%
Поход Святослава на Хазарский Каганат 965
38%
Религия, принятая хазарскимиэлитами Иудаизм
36%
Племенной союз, проживавшийв среднем Поднепровье Поляне
35%
Летописное место княженияТрувора Изборск
35%
Хан, убивший Святослава Куря
34%
Летописное место княженияСинеуса Белоозеро
33%
Осада Киева кочевниками 968
31%
Племенной союз, проживавшийв верховьях Днепра Кривичи
29%
Город, который Святослав хотелсделать новой столицей Переяславецна Дунае
29%
Город, из которого происходилаОльга Псков
28%
Племенной союз, проживавшийв Поочье Вятичи
27%
Византийский император, с которым воевал Святослав Иоанн I Цимисхий
26%
Город, в под которым Святослав разбил болгар, а позже был разбит греками Доростол
25%
Правление Святослава 945-972
25%
Место смерти Святослава Днепровскиепороги
25%
Правление следующего за Святославом князя 972-980
23%
Война с Византией 970-971
21%
Город, где княжил средний сынСвятослава Овруч
16%
Славянские поселения на бывших хазарских землях Тмутаракань,Белая Вежа
16%
Болгарский поход Святослава 968-969
12%
No matching quizzes found
Score Distribution
Percent of People with Each Score
Percentile by Number Answered
Your Score History
You have not taken this quiz since the last reset